[Event "DVM U16 2022"]
[Site "Darmstadt GER"]
[Date "2022.12.27"]
[Round "1"]
[White "Elstner, Florian"]
[Black "Bungarten, Jona"]
[Result "0-1"]
[Termination "normal"]
[Board "1.1"]
[WhiteElo "1736"]
[BlackElo "2151"]
[WhiteClock "00:08:11"]
[BlackClock "00:27:10"]
[WhiteTeam "Schachklub König Plauen"]
[BlackTeam "Schachfreunde Brackel 1930 e. V."]
[PlyCount "68"]
[WhiteFideId "16247264"]
[BlackFideId "16223608"]
[EventCountry "GER"]
[EventRounds "7"]
[EventType "team-swiss"]
[EventDate "2022.12.26"]

1. d4 {[%clk 1:30:57]} d5 {[%clk 1:30:52]} 2. c4 {[%clk 1:31:22]} e6 {[%clk
1:31:18]} 3. Nc3 {[%clk 1:31:48]} Nf6 {[%clk 1:31:40]} 4. cxd5 {[%clk 1:32:15]}
exd5 {[%clk 1:32:05]} 5. Bg5 {[%clk 1:32:39]} Be7 {[%clk 1:31:12]} 6. e3 {[%clk
1:33:04]} O-O {[%clk 1:31:24]} 7. Bd3 {[%clk 1:33:30]} c6 {[%clk 1:31:16]} 8.
Nge2 {[%clk 1:33:39]} Re8 {[%clk 1:29:24]} 9. Qc2 {[%clk 1:34:04]} Ne4 {[%clk
1:26:13]} 10. Bf4 {[%clk 1:29:10]} f5 {[%clk 1:18:20]} 11. f3 {[%clk 1:24:38]}
Nd6 {[%clk 1:18:38]} 12. O-O-O {[%clk 1:24:13]} Bg5 {[%clk 1:12:57]} 13. Kb1
{[%clk 1:18:08]} Bxf4 {[%clk 1:09:20]} 14. exf4 {[%clk 1:18:10]} Qf6 {[%clk
1:05:25]} 15. Ng3 {[%clk 1:16:00]} g6 {[%clk 1:02:07]} 16. Rhe1 {[%clk
1:04:54]} Nd7 {[%clk 0:55:38]} 17. Rxe8 {[%clk 1:03:12]} Nxe8 {[%clk 0:56:06]}
18. Qe2 {[%clk 1:02:01]} Nd6 {[%clk 0:53:21]} 19. Re1 {[%clk 0:59:54]} Qxd4
{[%clk 0:48:20]} 20. Qe6 {[%clk 0:58:29]} Nf7 {[%clk 0:42:50]} 21. Qe8 {[%clk
0:34:55]} Nf8 {[%clk 0:42:57]} 22. Bc2 {[%clk 0:31:30]} Qf6 {[%clk 0:41:10]}
23. Ba4 {[%clk 0:26:53]} Nd6 {[%clk 0:38:48]} 24. Qe2 {[%clk 0:23:28]} Ne6
{[%clk 0:37:46]} 25. Qd2 {[%clk 0:21:06]} Nc4 {[%clk 0:36:42]} 26. Qc1 {[%clk
0:19:54]} b5 {[%clk 0:34:52]} 27. Bxb5 {[%clk 0:14:46]} cxb5 {[%clk 0:34:39]}
28. Nxd5 {[%clk 0:15:09]} Qg7 {[%clk 0:29:18]} 29. b3 {[%clk 0:14:29]} Nb6
{[%clk 0:29:08]} 30. Qc6 {[%clk 0:12:57]} Bd7 {[%clk 0:26:37]} 31. Qb7 {[%clk
0:11:38]} Nc5 {[%clk 0:26:14]} 32. Qc7 {[%clk 0:09:28]} Nxd5 {[%clk 0:26:33]}
33. Qxc5 {[%clk 0:09:48]} Nc3 {[%clk 0:26:56]} 34. Kc2 {[%clk 0:08:11]} Rc8
{[%clk 0:27:10]} 0-1

[Event "DVM U16 2022"]
[Site "Darmstadt GER"]
[Date "2022.12.27"]
[Round "1"]
[White "Atze, Reinhard"]
[Black "Kasapchuk, Oleksandr Jr."]
[Result "1/2-1/2"]
[Termination "normal"]
[Board "1.3"]
[WhiteElo "1329"]
[BlackElo "1650"]
[WhiteClock "00:25:27"]
[BlackClock "00:06:08"]
[WhiteTeam "Schachklub König Plauen"]
[BlackTeam "Schachfreunde Brackel 1930 e. V."]
[PlyCount "67"]
[WhiteFideId "12995665"]
[BlackFideId "14197596"]
[EventCountry "GER"]
[EventRounds "7"]
[EventType "team-swiss"]
[EventDate "2022.12.26"]

1. e4 {[%clk 1:30:54]} e5 {[%clk 1:30:58]} 2. Nf3 {[%clk 1:30:33]} Nc6 {[%clk
1:31:23]} 3. d4 {[%clk 1:30:49]} exd4 {[%clk 1:31:34]} 4. Bc4 {[%clk 1:30:55]}
Bc5 {[%clk 1:31:22]} 5. c3 {[%clk 1:30:42]} Nf6 {[%clk 1:31:30]} 6. e5 {[%clk
1:26:52]} d5 {[%clk 1:31:46]} 7. Bb5 {[%clk 1:25:57]} Ne4 {[%clk 1:31:58]} 8.
Nxd4 {[%clk 1:21:47]} Bd7 {[%clk 1:32:04]} 9. O-O {[%clk 1:14:11]} O-O {[%clk
1:25:56]} 10. Nb3 {[%clk 1:07:38]} Nxe5 {[%clk 1:14:47]} 11. Bxd7 {[%clk
1:03:52]} Qxd7 {[%clk 1:15:12]} 12. Nxc5 {[%clk 1:02:50]} Nxc5 {[%clk 1:15:34]}
13. Qd4 {[%clk 1:00:19]} Qd6 {[%clk 1:15:43]} 14. Bf4 {[%clk 0:59:47]} Rfe8
{[%clk 1:13:22]} 15. Rd1 {[%clk 0:57:52]} c6 {[%clk 1:10:57]} 16. c4 {[%clk
0:56:26]} Ncd7 {[%clk 0:42:17]} 17. cxd5 {[%clk 0:56:10]} c5 {[%clk 0:42:35]}
18. Qd2 {[%clk 0:53:46]} Nb6 {[%clk 0:38:23]} 19. Nc3 {[%clk 0:50:18]} Rad8
{[%clk 0:32:06]} 20. b3 {[%clk 0:45:48]} Qg6 {[%clk 0:26:07]} 21. Bxe5 {[%clk
0:43:42]} Rxe5 {[%clk 0:26:24]} 22. d6 {[%clk 0:43:52]} Re6 {[%clk 0:25:14]}
23. Re1 {[%clk 0:35:51]} Rexd6 {[%clk 0:23:51]} 24. Qe3 {[%clk 0:35:49]} h6
{[%clk 0:23:47]} 25. Qxc5 {[%clk 0:35:42]} Rc8 {[%clk 0:18:52]} 26. Qb4 {[%clk
0:34:00]} Re6 {[%clk 0:18:28]} 27. g3 {[%clk 0:30:45]} Rce8 {[%clk 0:13:00]}
28. Nb5 {[%clk 0:30:00]} Nd5 {[%clk 0:11:44]} 29. Rxe6 {[%clk 0:28:14]} Qxe6
{[%clk 0:09:05]} 30. Qd4 {[%clk 0:28:21]} a6 {[%clk 0:09:13]} 31. Nc3 {[%clk
0:28:23]} Nxc3 {[%clk 0:08:36]} 32. Qxc3 {[%clk 0:28:27]} Qe2 {[%clk 0:09:01]}
33. a4 {[%clk 0:27:15]} b6 {[%clk 0:06:08]} 34. Rc1 {[%clk 0:25:27]} 1/2-1/2

[Event "DVM U16 2022"]
[Site "Darmstadt GER"]
[Date "2022.12.27"]
[Round "1"]
[White "Römer, Alois"]
[Black "Bühring, Marwin"]
[Result "1-0"]
[Termination "normal"]
[Board "1.4"]
[WhiteElo "1692"]
[BlackElo "1374"]
[WhiteClock "00:06:08"]
[BlackClock "00:23:45"]
[WhiteTeam "Schachfreunde Brackel 1930 e. V."]
[BlackTeam "Schachklub König Plauen"]
[PlyCount "55"]
[WhiteFideId "16255607"]
[BlackFideId "16281985"]
[EventCountry "GER"]
[EventRounds "7"]
[EventType "team-swiss"]
[EventDate "2022.12.26"]

1. e4 {[%clk 1:30:55]} c5 {[%clk 1:30:52]} 2. d4 {[%clk 1:30:08]} cxd4 {[%clk
1:30:33]} 3. c3 {[%clk 1:30:34]} dxc3 {[%clk 1:30:37]} 4. Nxc3 {[%clk 1:30:59]}
e6 {[%clk 1:30:52]} 5. Nf3 {[%clk 1:31:11]} a6 {[%clk 1:30:48]} 6. Bc4 {[%clk
1:29:49]} b5 {[%clk 1:31:10]} 7. Bb3 {[%clk 1:28:34]} Bb7 {[%clk 1:31:33]} 8.
Qe2 {[%clk 1:25:58]} Ne7 {[%clk 1:31:31]} 9. Bg5 {[%clk 1:23:41]} h6 {[%clk
1:29:44]} 10. Be3 {[%clk 1:22:10]} Nbc6 {[%clk 1:28:42]} 11. O-O {[%clk
1:18:50]} Ng6 {[%clk 1:26:17]} 12. Nd5 {[%clk 1:00:58]} Bd6 {[%clk 1:19:41]}
13. Nb6 {[%clk 0:53:00]} Rb8 {[%clk 1:12:17]} 14. Rfd1 {[%clk 0:51:06]} Qc7
{[%clk 1:11:14]} 15. Qd2 {[%clk 0:48:55]} Ke7 {[%clk 1:03:44]} 16. Rac1 {[%clk
0:44:58]} Rbd8 {[%clk 0:55:51]} 17. Nd5 {[%clk 0:37:36]} exd5 {[%clk 0:51:29]}
18. exd5 {[%clk 0:37:02]} Rhe8 {[%clk 0:50:52]} 19. dxc6 {[%clk 0:34:28]} dxc6
{[%clk 0:50:29]} 20. Qc3 {[%clk 0:32:42]} f6 {[%clk 0:32:57]} 21. Rxd6 {[%clk
0:26:15]} Rxd6 {[%clk 0:29:54]} 22. Bc5 {[%clk 0:26:35]} Red8 {[%clk 0:29:32]}
23. Re1 {[%clk 0:23:06]} Kf8 {[%clk 0:28:31]} 24. Nd4 {[%clk 0:21:35]} Bc8
{[%clk 0:27:10]} 25. Qc2 {[%clk 0:14:14]} Ne5 {[%clk 0:25:51]} 26. Qh7 {[%clk
0:10:56]} Nf7 {[%clk 0:26:15]} 27. Be6 {[%clk 0:07:49]} Re8 {[%clk 0:23:45]}
28. Nf5 {[%clk 0:06:08]} 1-0

[Event "DVM U16 2022"]
[Site "Darmstadt GER"]
[Date "2022.12.27"]
[Round "1"]
[White "Ermitsch, Magnus"]
[Black "Meuer, David"]
[Result "1-0"]
[Termination "normal"]
[Board "2.1"]
[WhiteTitle "FM"]
[WhiteElo "2215"]
[BlackElo "1949"]
[WhiteClock "00:44:42"]
[BlackClock "00:28:44"]
[WhiteTeam "SC Borussia Lichtenberg"]
[BlackTeam "SV Turm Lahnstein"]
[PlyCount "45"]
[WhiteFideId "16234464"]
[BlackFideId "16262964"]
[EventCountry "GER"]
[EventRounds "7"]
[EventType "team-swiss"]
[EventDate "2022.12.26"]

1. e4 {[%clk 1:30:57]} e6 {[%clk 1:30:54]} 2. d4 {[%clk 1:31:10]} d5 {[%clk
1:31:19]} 3. Nc3 {[%clk 1:31:20]} Bb4 {[%clk 1:31:43]} 4. exd5 {[%clk 1:30:52]}
exd5 {[%clk 1:32:05]} 5. Bd3 {[%clk 1:30:46]} Nc6 {[%clk 1:32:29]} 6. a3 {[%clk
1:30:33]} Be7 {[%clk 1:32:47]} 7. Nce2 {[%clk 1:30:29]} Bf6 {[%clk 1:33:10]} 8.
c3 {[%clk 1:30:35]} Nge7 {[%clk 1:32:49]} 9. Ng3 {[%clk 1:29:30]} g6 {[%clk
1:28:31]} 10. Bh6 {[%clk 1:29:33]} Be6 {[%clk 1:21:01]} 11. Nf3 {[%clk
1:16:05]} Ng8 {[%clk 1:11:03]} 12. Bf4 {[%clk 1:15:50]} h5 {[%clk 1:05:37]} 13.
h3 {[%clk 1:14:55]} Qd7 {[%clk 0:59:52]} 14. b4 {[%clk 1:01:04]} Nce7 {[%clk
0:54:06]} 15. Qe2 {[%clk 0:58:28]} O-O-O {[%clk 0:48:12]} 16. Nf1 {[%clk
0:56:53]} Nf5 {[%clk 0:42:55]} 17. N1d2 {[%clk 0:54:56]} Bg7 {[%clk 0:39:33]}
18. O-O {[%clk 0:54:08]} f6 {[%clk 0:36:22]} 19. Nb3 {[%clk 0:50:19]} Bf8
{[%clk 0:32:59]} 20. Na5 {[%clk 0:45:59]} g5 {[%clk 0:29:58]} 21. Ba6 {[%clk
0:45:16]} gxf4 {[%clk 0:28:19]} 22. Bxb7 {[%clk 0:45:15]} Kb8 {[%clk 0:28:44]}
23. Bc6 {[%clk 0:44:42]} 1-0

[Event "DVM U16 2022"]
[Site "Darmstadt GER"]
[Date "2022.12.27"]
[Round "1"]
[White "Mader, Fabian"]
[Black "Klühs, Gustaf"]
[Result "1-0"]
[Termination "normal"]
[Board "2.2"]
[WhiteElo "1819"]
[BlackElo "1858"]
[WhiteClock "00:04:45"]
[BlackClock "00:15:50"]
[WhiteTeam "SV Turm Lahnstein"]
[BlackTeam "SC Borussia Lichtenberg"]
[PlyCount "153"]
[WhiteFideId "16265866"]
[BlackFideId "16228936"]
[EventCountry "GER"]
[EventRounds "7"]
[EventType "team-swiss"]
[EventDate "2022.12.26"]

1. e4 {[%clk 1:30:58]} c5 {[%clk 1:30:56]} 2. Nf3 {[%clk 1:31:21]} e6 {[%clk
1:31:20]} 3. c3 {[%clk 1:31:42]} d5 {[%clk 1:31:47]} 4. e5 {[%clk 1:30:31]} d4
{[%clk 1:31:25]} 5. Bd3 {[%clk 1:30:00]} Nc6 {[%clk 1:31:42]} 6. Qe2 {[%clk
1:28:33]} Nge7 {[%clk 1:31:56]} 7. O-O {[%clk 1:27:34]} Nd5 {[%clk 1:28:46]} 8.
Qe4 {[%clk 1:22:38]} Be7 {[%clk 1:26:41]} 9. cxd4 {[%clk 1:14:18]} Ndb4 {[%clk
1:26:25]} 10. Bb5 {[%clk 1:08:30]} Qb6 {[%clk 1:25:33]} 11. Nc3 {[%clk
1:05:13]} cxd4 {[%clk 1:22:20]} 12. Nxd4 {[%clk 1:04:41]} Bd7 {[%clk 1:22:12]}
13. Nf3 {[%clk 1:00:45]} O-O {[%clk 1:15:14]} 14. d4 {[%clk 0:55:45]} f5 {[%clk
0:42:39]} 15. exf6 {[%clk 0:49:49]} Bxf6 {[%clk 0:42:50]} 16. Be3 {[%clk
0:47:01]} Be8 {[%clk 0:28:28]} 17. Ne5 {[%clk 0:28:24]} Qd8 {[%clk 0:27:31]}
18. Bc4 {[%clk 0:27:22]} Bxe5 {[%clk 0:21:59]} 19. Bxe6 {[%clk 0:26:13]} Kh8
{[%clk 0:22:23]} 20. dxe5 {[%clk 0:26:38]} Bg6 {[%clk 0:22:45]} 21. Qg4 {[%clk
0:23:58]} Nc2 {[%clk 0:18:20]} 22. Rad1 {[%clk 0:18:37]} Qa5 {[%clk 0:10:27]}
23. Qg3 {[%clk 0:10:09]} Qxe5 {[%clk 0:05:52]} 24. Qxe5 {[%clk 0:08:47]} Nxe5
{[%clk 0:06:16]} 25. Bc5 {[%clk 0:08:38]} Rfe8 {[%clk 0:04:14]} 26. Bb3 {[%clk
0:08:00]} b6 {[%clk 0:00:40]} 27. Bd6 {[%clk 0:07:27]} Nc6 {[%clk 0:01:02]} 28.
Rd2 {[%clk 0:03:46]} N2d4 {[%clk 0:01:18]} 29. Bd5 {[%clk 0:03:18]} Rad8 {[%clk
0:01:40]} 30. Bg3 {[%clk 0:01:56]} Rc8 {[%clk 0:01:34]} 31. h3 {[%clk 0:02:10]}
Nf5 {[%clk 0:01:52]} 32. Bf4 {[%clk 0:02:12]} Nb4 {[%clk 0:01:40]} 33. Bb3
{[%clk 0:01:59]} Na6 {[%clk 0:01:44]} 34. Nb5 {[%clk 0:01:41]} Nc5 {[%clk
0:00:47]} 35. Nxa7 {[%clk 0:01:27]} Rcd8 {[%clk 0:01:01]} 36. Bd5 {[%clk
0:01:15]} Ne7 {[%clk 0:01:12]} 37. Bf3 {[%clk 0:01:03]} Rxd2 {[%clk 0:01:26]}
38. Bxd2 {[%clk 0:01:28]} Nf5 {[%clk 0:01:43]} 39. Re1 {[%clk 0:01:29]} Nd4
{[%clk 0:01:54]} 40. Rxe8 {[%clk 0:01:33]} Bxe8 {[%clk 0:02:18]} 41. Bd5 {[%clk
0:27:33]} Nd3 {[%clk 0:19:47]} 42. b3 {[%clk 0:25:07]} Bd7 {[%clk 0:18:32]} 43.
Kf1 {[%clk 0:22:09]} b5 {[%clk 0:18:09]} 44. Bc3 {[%clk 0:19:42]} Nc2 {[%clk
0:17:09]} 45. Be4 {[%clk 0:18:45]} Ncb4 {[%clk 0:16:59]} 46. a3 {[%clk
0:16:41]} Nc5 {[%clk 0:17:19]} 47. Bf3 {[%clk 0:13:12]} Nbd3 {[%clk 0:17:13]}
48. b4 {[%clk 0:12:22]} Na4 {[%clk 0:13:59]} 49. Bd4 {[%clk 0:11:10]} Ndb2
{[%clk 0:13:13]} 50. Be2 {[%clk 0:08:35]} Nc4 {[%clk 0:13:36]} 51. Bxc4 {[%clk
0:08:34]} bxc4 {[%clk 0:14:03]} 52. b5 {[%clk 0:08:31]} Be6 {[%clk 0:14:00]}
53. b6 {[%clk 0:07:33]} Bd5 {[%clk 0:14:22]} 54. Nc8 {[%clk 0:07:36]} c3 {[%clk
0:13:06]} 55. Ke1 {[%clk 0:06:01]} Bxg2 {[%clk 0:13:13]} 56. Nd6 {[%clk
0:05:30]} Nxb6 {[%clk 0:12:47]} 57. Bxb6 {[%clk 0:05:53]} Bxh3 {[%clk 0:13:11]}
58. Bd4 {[%clk 0:05:38]} Bd7 {[%clk 0:13:18]} 59. Bxc3 {[%clk 0:05:38]} h5
{[%clk 0:13:44]} 60. Ke2 {[%clk 0:04:51]} h4 {[%clk 0:13:30]} 61. Kd3 {[%clk
0:04:16]} Kh7 {[%clk 0:13:41]} 62. Ke4 {[%clk 0:03:02]} g5 {[%clk 0:13:40]} 63.
Nf7 {[%clk 0:01:41]} g4 {[%clk 0:13:43]} 64. Kf4 {[%clk 0:01:52]} g3 {[%clk
0:12:32]} 65. f3 {[%clk 0:01:38]} Bc6 {[%clk 0:12:11]} 66. Kg4 {[%clk 0:01:31]}
g2 {[%clk 0:12:23]} 67. Bd4 {[%clk 0:01:55]} h3 {[%clk 0:12:46]} 68. Ng5 {[%clk
0:02:16]} Kg6 {[%clk 0:13:12]} 69. Nxh3 {[%clk 0:02:29]} Bb5 {[%clk 0:13:05]}
70. Nf4 {[%clk 0:02:44]} Kf7 {[%clk 0:13:30]} 71. Nxg2 {[%clk 0:03:08]} Ke6
{[%clk 0:13:58]} 72. Ne3 {[%clk 0:03:24]} Be2 {[%clk 0:14:23]} 73. Kg3 {[%clk
0:03:38]} Bd3 {[%clk 0:14:38]} 74. a4 {[%clk 0:03:45]} Kd6 {[%clk 0:15:03]} 75.
a5 {[%clk 0:04:06]} Kc6 {[%clk 0:15:26]} 76. f4 {[%clk 0:04:21]} Kb5 {[%clk
0:15:50]} 77. Bb6 {[%clk 0:04:45]} 1-0

[Event "DVM U16 2022"]
[Site "Darmstadt GER"]
[Date "2022.12.27"]
[Round "1"]
[White "Schwartz, Oliver"]
[Black "Fuhrmann, Bahne"]
[Result "1/2-1/2"]
[Termination "normal"]
[Board "3.1"]
[WhiteElo "1868"]
[BlackElo "2042"]
[WhiteTeam "SC Ostfildern 1952 e.V."]
[BlackTeam "Hamburger SK von 1830 eV"]
[PlyCount "56"]
[WhiteFideId "16207459"]
[BlackFideId "16244842"]
[EventCountry "GER"]
[EventRounds "7"]
[EventType "team-swiss"]
[EventDate "2022.12.26"]

1. d4 Nf6 2. c4 g6 3. Nc3 d5 4. cxd5 Nxd5 5. e4 Nxc3 6. bxc3 Bg7 7. Nf3 c5 8.
Be2 Nc6 9. d5 Bxc3 10. Bd2 Bxa1 11. Qxa1 Nd4 12. Nxd4 cxd4 13. Qxd4 f6 14. O-O
Qb6 15. Qa1 Bd7 16. e5 O-O 17. Rb1 Qc7 18. Bc3 fxe5 19. Bxe5 Qc5 20. Bf3 Rac8
21. h4 b5 22. Bd4 Qc2 23. Re1 Rf7 24. h5 Rxf3 25. gxf3 Qf5 26. Be5 Qxf3 27. Bh8
Qf7 28. h6 Rc4 1/2-1/2

[Event "DVM U16 2022"]
[Site "Darmstadt GER"]
[Date "2022.12.27"]
[Round "1"]
[White "Kort, Felix"]
[Black "Chugunov, Ivan"]
[Result "0-1"]
[Termination "normal"]
[Board "3.2"]
[WhiteElo "1932"]
[BlackElo "1624"]
[WhiteClock "00:11:33"]
[BlackClock "00:25:11"]
[WhiteTeam "Hamburger SK von 1830 eV"]
[BlackTeam "SC Ostfildern 1952 e.V."]
[PlyCount "118"]
[WhiteFideId "16220129"]
[BlackFideId "16256808"]
[EventCountry "GER"]
[EventRounds "7"]
[EventType "team-swiss"]
[EventDate "2022.12.26"]

1. d4 {[%clk 1:30:57]} Nf6 {[%clk 1:30:53]} 2. c4 {[%clk 1:31:22]} e6 {[%clk
1:31:18]} 3. Nc3 {[%clk 1:31:47]} Bb4 {[%clk 1:31:38]} 4. Qc2 {[%clk 1:32:13]}
O-O {[%clk 1:32:02]} 5. e4 {[%clk 1:32:39]} d5 {[%clk 1:32:22]} 6. e5 {[%clk
1:33:02]} Ne4 {[%clk 1:32:45]} 7. a3 {[%clk 1:33:26]} Bxc3 {[%clk 1:28:29]} 8.
bxc3 {[%clk 1:32:56]} c5 {[%clk 1:22:39]} 9. Bd3 {[%clk 1:33:20]} Nc6 {[%clk
1:15:24]} 10. Ne2 {[%clk 1:31:58]} cxd4 {[%clk 1:03:58]} 11. cxd4 {[%clk
1:32:01]} f5 {[%clk 1:01:54]} 12. O-O {[%clk 1:25:13]} dxc4 {[%clk 0:50:01]}
13. Qxc4 {[%clk 1:04:14]} Bd7 {[%clk 0:34:24]} 14. Be3 {[%clk 1:00:36]} Rc8
{[%clk 0:31:40]} 15. Qa2 {[%clk 0:52:01]} Qe7 {[%clk 0:21:59]} 16. Rfc1 {[%clk
0:42:59]} b6 {[%clk 0:15:34]} 17. f3 {[%clk 0:26:42]} Ng5 {[%clk 0:14:38]} 18.
Ba6 {[%clk 0:24:56]} Rcd8 {[%clk 0:13:57]} 19. Bb7 {[%clk 0:21:57]} Na5 {[%clk
0:11:50]} 20. Rc7 {[%clk 0:22:03]} Nxb7 {[%clk 0:08:46]} 21. Rxb7 {[%clk
0:22:09]} h6 {[%clk 0:08:13]} 22. Nf4 {[%clk 0:16:30]} Qe8 {[%clk 0:06:57]} 23.
h4 {[%clk 0:16:45]} Nh7 24. h5 {[%clk 0:10:55]} Ng5 {[%clk 0:06:03]} 25. Rc1
{[%clk 0:10:06]} Bc6 {[%clk 0:05:59]} 26. Rxa7 {[%clk 0:08:29]} Rd7 {[%clk
0:05:42]} 27. Ra6 {[%clk 0:07:16]} Bd5 {[%clk 0:05:04]} 28. Qb2 {[%clk
0:05:29]} Qd8 {[%clk 0:04:09]} 29. Rxb6 {[%clk 0:04:24]} Qa8 {[%clk 0:03:13]}
30. Rb1 {[%clk 0:03:32]} Rdd8 {[%clk 0:03:17]} 31. Nxd5 {[%clk 0:01:45]} Qxd5
{[%clk 0:03:33]} 32. Qb3 {[%clk 0:02:03]} Nxf3 {[%clk 0:01:59]} 33. gxf3 {[%clk
0:02:25]} Qxf3 {[%clk 0:02:22]} 34. Bf2 {[%clk 0:02:39]} Qxh5 {[%clk 0:02:21]}
35. Qxe6 {[%clk 0:02:51]} Kh7 {[%clk 0:02:34]} 36. R1b3 {[%clk 0:01:53]} Rc8
{[%clk 0:02:05]} 37. Rc6 {[%clk 0:01:24]} Rxc6 {[%clk 0:02:22]} 38. Qxc6 {[%clk
0:01:50]} Qd1 {[%clk 0:02:45]} 39. Kg2 {[%clk 0:01:52]} Qxb3 {[%clk 0:03:08]}
40. Qd6 {[%clk 0:00:37]} Ra8 {[%clk 0:02:23]} 41. Qb4 {[%clk 0:20:08]} Rxa3
{[%clk 0:28:43]} 42. Qxb3 {[%clk 0:20:16]} Rxb3 {[%clk 0:29:06]} 43. e6 {[%clk
0:19:59]} Kg8 {[%clk 0:28:46]} 44. Bg3 {[%clk 0:18:43]} Kf8 {[%clk 0:28:15]}
45. d5 {[%clk 0:13:56]} Ke7 {[%clk 0:28:27]} 46. Be5 {[%clk 0:14:17]} g5 {[%clk
0:26:23]} 47. Bg7 {[%clk 0:14:42]} h5 {[%clk 0:26:30]} 48. Bh6 {[%clk 0:15:07]}
Rd3 {[%clk 0:22:03]} 49. Bxg5 {[%clk 0:15:04]} Ke8 {[%clk 0:22:26]} 50. e7
{[%clk 0:14:34]} Rxd5 {[%clk 0:22:48]} 51. Kg3 {[%clk 0:11:47]} Rd4 {[%clk
0:23:07]} 52. Kh3 {[%clk 0:10:36]} Re4 {[%clk 0:23:08]} 53. Bh4 {[%clk
0:09:49]} Rxh4 {[%clk 0:23:00]} 54. Kxh4 {[%clk 0:10:13]} f4 {[%clk 0:23:25]}
55. Kh3 {[%clk 0:10:08]} Kxe7 {[%clk 0:23:48]} 56. Kg2 {[%clk 0:10:32]} h4
{[%clk 0:24:00]} 57. Kf3 {[%clk 0:10:54]} h3 {[%clk 0:24:22]} 58. Kf2 {[%clk
0:11:08]} Ke6 {[%clk 0:24:46]} 59. Kg1 {[%clk 0:11:33]} f3 {[%clk 0:25:11]} 0-1

[Event "DVM U16 2022"]
[Site "Darmstadt GER"]
[Date "2022.12.27"]
[Round "1"]
[White "Walter, Romeo"]
[Black "Tietz, Bennit"]
[Result "1/2-1/2"]
[Termination "normal"]
[Board "3.3"]
[WhiteElo "1267"]
[BlackElo "1688"]
[WhiteClock "00:12:43"]
[BlackClock "00:16:59"]
[WhiteTeam "SC Ostfildern 1952 e.V."]
[BlackTeam "Hamburger SK von 1830 eV"]
[PlyCount "47"]
[WhiteFideId "16275055"]
[BlackFideId "16286936"]
[EventCountry "GER"]
[EventRounds "7"]
[EventType "team-swiss"]
[EventDate "2022.12.26"]

1. c4 {[%clk 1:30:56]} e5 {[%clk 1:30:46]} 2. Nc3 {[%clk 1:31:12]} Nc6 {[%clk
1:30:49]} 3. g3 {[%clk 1:31:18]} Bc5 {[%clk 1:30:57]} 4. Bg2 {[%clk 1:31:13]}
d6 {[%clk 1:31:06]} 5. e3 {[%clk 1:31:11]} a6 {[%clk 1:31:24]} 6. Nge2 {[%clk
1:31:13]} Ba7 {[%clk 1:31:46]} 7. O-O {[%clk 1:31:23]} h5 {[%clk 1:32:05]} 8.
d4 {[%clk 1:31:06]} h4 {[%clk 1:32:08]} 9. f4 {[%clk 1:18:01]} Bg4 {[%clk
1:21:38]} 10. h3 {[%clk 1:10:31]} exd4 {[%clk 1:15:01]} 11. hxg4 {[%clk
1:04:20]} dxc3 {[%clk 1:13:52]} 12. bxc3 {[%clk 0:59:48]} Nf6 {[%clk 0:58:49]}
13. g5 {[%clk 0:52:38]} Nd7 {[%clk 0:40:51]} 14. gxh4 {[%clk 0:47:22]} Qe7
{[%clk 0:37:07]} 15. Nd4 {[%clk 0:44:29]} O-O-O {[%clk 0:34:39]} 16. Rb1 {[%clk
0:40:08]} g6 {[%clk 0:20:50]} 17. Bxc6 {[%clk 0:28:29]} bxc6 {[%clk 0:19:11]}
18. Qa4 {[%clk 0:20:24]} Nb8 {[%clk 0:17:34]} 19. Rxb8 {[%clk 0:16:31]} Bxb8
{[%clk 0:16:26]} 20. Qxa6 {[%clk 0:15:49]} Kd7 {[%clk 0:16:29]} 21. Qxc6 {[%clk
0:15:56]} Kc8 {[%clk 0:16:25]} 22. Qa6 {[%clk 0:14:21]} Kd7 {[%clk 0:16:44]}
23. Qb5 {[%clk 0:12:43]} Kc8 {[%clk 0:16:59]} 24. Qa6 1/2-1/2

[Event "DVM U16 2022"]
[Site "Darmstadt GER"]
[Date "2022.12.27"]
[Round "1"]
[White "Malchereck, Zion"]
[Black "Erhardt, Daniel"]
[Result "1-0"]
[Termination "normal"]
[Board "3.4"]
[WhiteElo "1726"]
[BlackElo "1324"]
[WhiteClock "00:15:22"]
[BlackClock "00:42:08"]
[WhiteTeam "Hamburger SK von 1830 eV"]
[BlackTeam "SC Ostfildern 1952 e.V."]
[PlyCount "59"]
[WhiteFideId "16269233"]
[BlackFideId "16249429"]
[EventCountry "GER"]
[EventRounds "7"]
[EventType "team-swiss"]
[EventDate "2022.12.26"]

1. e4 {[%clk 1:30:58]} e5 {[%clk 1:30:35]} 2. Nf3 {[%clk 1:31:22]} Nc6 {[%clk
1:31:00]} 3. Bc4 {[%clk 1:31:46]} Bc5 {[%clk 1:30:24]} 4. c3 {[%clk 1:31:36]}
Nf6 {[%clk 1:30:13]} 5. d3 {[%clk 1:31:56]} h6 {[%clk 1:29:52]} 6. a4 {[%clk
1:31:56]} a5 {[%clk 1:29:35]} 7. O-O {[%clk 1:28:29]} d6 {[%clk 1:28:24]} 8.
Re1 {[%clk 1:27:33]} Bg4 {[%clk 1:25:00]} 9. Nbd2 {[%clk 1:25:40]} Ne7 {[%clk
1:22:38]} 10. h3 {[%clk 1:23:36]} Bd7 {[%clk 1:19:02]} 11. d4 {[%clk 1:22:12]}
exd4 {[%clk 1:16:03]} 12. cxd4 {[%clk 1:21:38]} Bb4 {[%clk 1:14:39]} 13. Re2
{[%clk 0:50:21]} O-O {[%clk 1:14:01]} 14. Nf1 {[%clk 0:44:39]} Re8 {[%clk
1:12:02]} 15. Ng3 {[%clk 0:39:59]} c6 {[%clk 1:10:24]} 16. Bd3 {[%clk 0:35:10]}
Ng6 {[%clk 1:08:37]} 17. Bd2 {[%clk 0:30:30]} c5 {[%clk 1:06:16]} 18. b3 {[%clk
0:29:53]} b6 {[%clk 1:03:39]} 19. Bxb4 {[%clk 0:21:10]} axb4 {[%clk 1:03:44]}
20. dxc5 {[%clk 0:19:29]} bxc5 {[%clk 1:03:29]} 21. Bc4 {[%clk 0:19:16]} Bc6
{[%clk 1:02:38]} 22. Qc2 {[%clk 0:18:10]} Ne5 {[%clk 1:00:03]} 23. Nxe5 {[%clk
0:18:02]} Rxe5 {[%clk 0:58:02]} 24. Rd1 {[%clk 0:17:48]} g6 {[%clk 0:52:28]}
25. f4 {[%clk 0:17:21]} Re7 {[%clk 0:51:20]} 26. e5 {[%clk 0:16:47]} Ne8 {[%clk
0:51:26]} 27. Qxg6 {[%clk 0:16:35]} Kf8 {[%clk 0:46:43]} 28. Qxh6 {[%clk
0:16:16]} Kg8 {[%clk 0:47:05]} 29. Nf5 {[%clk 0:16:01]} Raa7 {[%clk 0:42:08]}
30. Rxd6 {[%clk 0:15:22]} 1-0